Every Game Created By Mojang Studios - Statistics

General Stats
  • This quiz has been taken 10 times
    6 since last reset
  • The average score is 3 of 17
Answer Stats
Release Year Game % Correct
2011 Minecraft
100%
2020 Minecraft Dungeons
50%
2023 Minecraft Legends
50%
2015 Minecraft: Story Mode
50%
2019 Minecraft Earth
33%
2013 Battle Frogs
0%
2012 Catacomb Snatch
0%
2016 Crown and Council
0%
2014 Docktor
0%
2013 Endless Nuclear Kittens
0%
2014 Healthcore Evolved
0%
2016 Minecraft: Education Edition
0%
2011 Minecraft: Pocket Edition
0%
2013 Nuclear Pizza War
0%
2014 Nuke The Dinosaur
0%
2014 Scrolls
0%
2014 Snake Oil Stanley
0%
No matching quizzes found
Score Distribution
Percent of People with Each Score
Percentile by Number Answered
Your Score History
You have not taken this quiz since the last reset